Construction companion to terms of engagement and fees (Record no. 101812)

MARC details
000 -LEADER
fixed length control field 01260cam a2200265 4500
008 - FIXED-LENGTH DATA ELEMENTS--GENERAL INFORMATION
fixed length control field 011218n2001 000 0 eng u
020 ## - INTERNATIONAL STANDARD BOOK NUMBER
International Standard Book Number 1859460933
035 ## - SYSTEM CONTROL NUMBER
System control number (Sirsi) u116043
041 ## - LANGUAGE CODE
Language code of text/sound track or separate title eng.
050 ## - LIBRARY OF CONGRESS CALL NUMBER
Classification number 720
100 ## - MAIN ENTRY--PERSONAL NAME
Personal name Byrom, R.
245 ## - TITLE STATEMENT
Title Construction companion to terms of engagement and fees
260 ## - PUBLICATION, DISTRIBUTION, ETC.
Place of publication, distribution, etc. London
Name of publisher, distributor, etc. RIBA Publications
Date of publication, distribution, etc. 2001
300 ## - PHYSICAL DESCRIPTION
Extent x,148p
Dimensions 24cm.
350 ## - PRICE (NR) (BK AM CF MU VM SE) [OBSOLETE]
Price 20.00
520 ## - SUMMARY, ETC.
Summary, etc. A guide designed to help architects and other construction professionals avoid the problems that arise from ill-conceived terms of engagement. Provides information to help the architect answer questions about who the client is, what is to be designed, what form of procurement is planned, how much is to be paid and when, what qualifies as expenses, and what the parameters of the architect's role are. Also examines the various standard forms of appointment, and provides guidance on alternative commissions such as consultant switch, novation and taking over from another architect.
650 ## - SUBJECT ADDED ENTRY--TOPICAL TERM
Topical term or geographic name entry element TERMS OF ENGAGEMENT
650 ## - SUBJECT ADDED ENTRY--TOPICAL TERM
Topical term or geographic name entry element PROCUREMENT METHODS
650 ## - SUBJECT ADDED ENTRY--TOPICAL TERM
Topical term or geographic name entry element FEES
650 ## - SUBJECT ADDED ENTRY--TOPICAL TERM
Topical term or geographic name entry element STANDARD FORMS OF APPOINTMENT
650 ## - SUBJECT ADDED ENTRY--TOPICAL TERM
Topical term or geographic name entry element ARCHITECTS
650 ## - SUBJECT ADDED ENTRY--TOPICAL TERM
Topical term or geographic name entry element Contracts
9 (RLIN) 6232
690 ## - LOCAL SUBJECT ADDED ENTRY--TOPICAL TERM (OCLC, RLIN)
Topical term or geographic name as entry element BUILT ENVIRONMENT
942 ## - ADDED ENTRY ELEMENTS (KOHA)
Suppress in OPAC 0
Holdings
Withdrawn status Lost status Source of classification or shelving scheme Damaged status Not for loan Home library Current library Shelving location Date acquired Cost, normal purchase price Total Checkouts Full call number Barcode Date last seen Date last checked out Copy number Cost, replacement price Price effective from Koha item type
    Dewey Decimal Classification     London London Books 27/03/2002 17.00 6 720 BYR 30065648 06/08/2019 10/08/2004 1 17.00 06/08/2019 Book